Výkovky ocelové volné v obvyklém provedení. Kotouče a kruhové desky. STN 42 9012 : Přídavky na obrábění a mezní úchylky. Účinnost: 1.4.1971

Salvato in:
Dettagli Bibliografici
Natura: Libro
Lingua:ceco
Pubblicazione: Praha : Úřad pro normalizaci a měření, [1971]
Soggetti:
Tags: Aggiungi Tag
Nessun Tag, puoi essere il primo ad aggiungerne!!

MARC

LEADER 00000nam a22000003a 4500
001 stu79210
005 20150408175502.6
008 030224s1971----cs------------------cze-d
040 |a STU  |b slo 
041 0 |a cze 
044 |a cs 
080 |a 669 
245 |a Výkovky ocelové volné v obvyklém provedení. Kotouče a kruhové desky. STN 42 9012 :  |b Přídavky na obrábění a mezní úchylky. Účinnost: 1.4.1971 
260 |a Praha :  |b Úřad pro normalizaci a měření,  |c [1971] 
300 |a 15 s 
650 7 |a výkovky oceľové  |2 stusub 
996 |b 284M039136  |c M*N-490-1  |l MMKN  |s A  |a 24  |w stu79210_0001